000 00701cam a22002413a 4500
001 30432
003 PGUSA
005 20140828083646.0
008 091109s2009||||xxu|||||s|||||000 | eng d
040 _aPGUSA
_beng
042 _adc
050 4 _aHN
100 1 _aDickinson, G. Lowes
_q(Goldsworthy Lowes),
_d1862-1932
245 1 2 _aA Modern Symposium
_h[electronic resource] /
_cG. Lowes Dickinson
260 _bProject Gutenberg,
_c2009
506 _aPublic domain in the USA.
516 _aElectronic text
653 _aGreat Britain -- Social conditions
653 _aSocial problems
830 0 _aProject Gutenberg
_v30432
856 4 0 _uhttp://www.gutenberg.org/ebooks/30432
942 _cEB
999 _c259687
_d259687